00483nam a2200133Ia 4500008004100000100002700041245009900068245002700167260005300194260001800247300000800265650001500273856006100288170221s9999 xx 000 0 und d aDesislava I. Yordanova aDifferences Between Bulgarian Family and Non-family Businesses: A Multivariate Logit Approach  cDesislava I. Yordanova bInternational Review of Management and Marketing cFebruary 2015 a4:1 xMarketing. uhttp://www.econjournals.com/index.php/irmm/issue/view/88